000 00332nam a2200133 i 4500
001 bg
245 0 _aProblemy gospodarki przestrzennej /
_cpod red. A. Kuklińskiego.
260 _aWarszawa,
_c1980.
700 1 _aKUKLIŃSKI, A.
_eRed.
040 _cBPK
041 _apol
942 _cKS
008 s pl f |000 0 pol
999 _c19336
_d19336
856 _uhttp://koha.tu.koszalin.pl/cgi-bin/koha/opac-detail.pl?biblionumber=19336
_yKatalog online BPK